Eastern Utah Libraries Catalog: Duchesne, Heber, Roosevelt, & Vernal

A spark of light (Record no. 235467)

MARC details
000 -LEADER
fixed length control field 04352cim a2200637Ii 4500
001 - CONTROL NUMBER
control field 2778137
005 - DATE AND TIME OF LATEST TRANSACTION
control field 20210630172650.0
007 - PHYSICAL DESCRIPTION FIXED FIELD--GENERAL INFORMATION
fixed length control field sd fungnnmmnud
008 - FIXED-LENGTH DATA ELEMENTS--GENERAL INFORMATION
fixed length control field 180730s2018 nyunnnne f n eng d
020 ## - INTERNATIONAL STANDARD BOOK NUMBER
International Standard Book Number 9781984828095
Terms of availability 4499
024 1# - OTHER STANDARD IDENTIFIER
Standard number or code 9781984828095
028 02 - PUBLISHER NUMBER
Publisher number PRHA 8067
Source Penguin Random House Audio Inc./Books on Tape
035 ## - SYSTEM CONTROL NUMBER
System control number (OCoLC)1047656298
Canceled/invalid control number (OCoLC)1043670250
-- (OCoLC)1047698478
035 ## - SYSTEM CONTROL NUMBER
System control number (OCoLC)on1047656298
037 ## - SOURCE OF ACQUISITION
Stock number 60cnd3
Source of stock number/acquisition Blackstone Publishing
037 ## - SOURCE OF ACQUISITION
Stock number 40cnd3
Source of stock number/acquisition Blackstone Publishing
040 ## - CATALOGING SOURCE
Original cataloging agency TOH
Language of cataloging eng
Description conventions rda
Transcribing agency TOH
Modifying agency TEF
-- BLACP
-- PX0
-- JNE
-- SJP
-- JTH
-- PAP
-- JAS
-- ZGR
-- VP@
-- OCLCF
-- TEFBT
-- T3S
050 #4 - LIBRARY OF CONGRESS CALL NUMBER
Classification number PS3566.I372
Item number S63 2018ab
082 04 - DEWEY DECIMAL CLASSIFICATION NUMBER
Classification number 813/.54
Edition number 23
092 ## - LOCALLY ASSIGNED DEWEY CALL NUMBER (OCLC)
Classification number F
999 ## - SYSTEM CONTROL NUMBERS (KOHA)
Koha Dewey Subclass [OBSOLETE] F
100 1# - MAIN ENTRY--PERSONAL NAME
Personal name Picoult, Jodi,
Dates associated with a name 1966-
Relator term author,
-- narrator.
9 (RLIN) 36801
245 12 - TITLE STATEMENT
Title A spark of light
Medium [sound recording] :
Remainder of title a novel /
Statement of responsibility, etc Jodi Picoult.
250 ## - EDITION STATEMENT
Edition statement Unabridged.
264 #1 - Production, Publication, Distribution, Manufacture, and Copyright Notice.
Place of production, publication, distribution, manufacture [Westminster, MD] :
Name of producer, publisher, distributor, manufacturer Books on Tape,
Date of production, publication, distribution, manufacture, or copyr [2018]
300 ## - PHYSICAL DESCRIPTION
Extent 12 audio discs (approximately 14 hours, 30 minutes) :
Other physical details digital, CD audio ;
Dimensions 4 3/4 in.
306 ## - PLAYING TIME
Playing time 143000
336 ## - Content Type
Content type term spoken word
337 ## - Media type
Media type term audio
338 ## - Carrier type
Carrier type term audio disc
500 ## - GENERAL NOTE
General note Compact disc.
500 ## - GENERAL NOTE
General note Title from container.
511 0# - PARTICIPANT OR PERFORMER NOTE
Participant or performer note Read by Bahni Turpin, with a note read by the author.
520 ## - SUMMARY, ETC.
Summary, etc "The #1 New York Times bestselling author of Small Great Things returns with a powerful and provocative new novel about ordinary lives that intersect during a heart-stopping crisis. The warm fall day starts like any other at the Center a women's reproductive health services clinic its staff offering care to anyone who passes through its doors. Then, in late morning, a desperate and distraught gunman bursts in and opens fire, taking all inside hostage. After rushing to the scene, Hugh McElroy, a police hostage negotiator, sets up a perimeter and begins making a plan to communicate with the gunman. As his phone vibrates with incoming text messages he glances at it and, to his horror, finds out that his fifteen-year-old daughter, Wren, is inside the clinic. But Wren is not alone. She will share the next and tensest few hours of her young life with a cast of unforgettable characters: A nurse who calms her own panic in order save the life of a wounded woman. A doctor who does his work not in spite of his faith but because of it, and who will find that faith tested as never before. Apro-life protester disguised as a patient, who now stands in the cross hairs of the same rage she herself has felt. A young woman who has come to terminate her pregnancy. And the disturbed individual himself, vowing to be heard. Told in a daring and enthralling narrative structure that counts backward through the hours of the standoff, this is a story that traces its way back to what brought each of these very different individuals to the same place on this fateful day. Jodi Picoult one of the most fearless writers of our time tackles a complicated issue in this gripping and nuanced novel. How do we balance the rights of pregnant women with the rights of the unborn they carry? What does it mean to be a good parent? A Spark of Light will inspire debate, conversation. and, hopefully, understanding"--
650 #0 - SUBJECT ADDED ENTRY--TOPICAL TERM
Topical term or geographic name as entry element Hostages
Form subdivision Fiction.
9 (RLIN) 5687749
650 #0 - SUBJECT ADDED ENTRY--TOPICAL TERM
Topical term or geographic name as entry element Women's health services
Form subdivision Fiction.
9 (RLIN) 6421866
650 #0 - SUBJECT ADDED ENTRY--TOPICAL TERM
Topical term or geographic name as entry element Hostage negotiations
Form subdivision Fiction.
9 (RLIN) 5753797
650 #0 - SUBJECT ADDED ENTRY--TOPICAL TERM
Topical term or geographic name as entry element Family planning services
Form subdivision Fiction.
9 (RLIN) 5753798
650 #7 - SUBJECT ADDED ENTRY--TOPICAL TERM
Topical term or geographic name as entry element Family planning services.
Source of heading or term fast
9 (RLIN) 6421870
650 #7 - SUBJECT ADDED ENTRY--TOPICAL TERM
Topical term or geographic name as entry element Hostage negotiations.
Source of heading or term fast
650 #7 - SUBJECT ADDED ENTRY--TOPICAL TERM
Topical term or geographic name as entry element Hostages.
Source of heading or term fast
650 #7 - SUBJECT ADDED ENTRY--TOPICAL TERM
Topical term or geographic name as entry element Women's health services.
Source of heading or term fast
655 #7 - INDEX TERM--GENRE/FORM
Genre/form data or focus term Thrillers (Fiction)
Source of term lcgft
9 (RLIN) 5697221
655 #7 - INDEX TERM--GENRE/FORM
Genre/form data or focus term Audiobooks.
Source of term lcgft
655 #7 - INDEX TERM--GENRE/FORM
Genre/form data or focus term Audiobooks.
Source of term fast
9 (RLIN) 6421871
655 #7 - INDEX TERM--GENRE/FORM
Genre/form data or focus term Fiction.
Source of term fast
9 (RLIN) 5673940
655 #7 - INDEX TERM--GENRE/FORM
Genre/form data or focus term Thrillers (Fiction)
Source of term fast
9 (RLIN) 5697221
690 ## - LOCAL SUBJECT ADDED ENTRY--TOPICAL TERM (OCLC, RLIN)
Topical term or geographic name as entry element Audiobooks on CD.
700 1# - ADDED ENTRY--PERSONAL NAME
Personal name Turpin, Bahni,
Relator term narrator.
9 (RLIN) 58437
787 0# - NONSPECIFIC RELATIONSHIP ENTRY
Note OCLC Work Id
Other item identifier http://worldcat.org/entity/work/id/5192102552
942 ## - ADDED ENTRY ELEMENTS (KOHA)
Source of classification or shelving scheme Dewey Decimal Classification
Koha item type Audiobook on CD
Holdings
Withdrawn status Lost status Source of classification or shelving scheme Materials specified (bound volume or other part) Damaged status Not for loan Collection code Home library Current library Shelving location Date acquired Source of acquisition Cost, normal purchase price Total Checkouts Total Renewals Full call number Barcode Date last seen Date checked out Cost, replacement price Price effective from Koha item type
    Dewey Decimal Classification .CIRCNOTE. 12 discs     Audiobooks Wasatch County Library Wasatch County Library Second Floor 10/17/2018 Blackstone 45.00 9 1 CD Pic 34301001565078 03/07/2024 11/28/2023 45.00 03/20/2020 Audiobook on CD
This project was made possible through a grant from the Institute of Museum and Library Service administered by the Utah State Library Division.

Wasatch County Library

  • 465 East 1200 South, Heber City, Utah 84032
  • Phone 435-654-1511 | Fax 435-654-6456

Hours

  • Monday - Friday 9:30 AM - 8:00 PM
  • Saturday 9:30 AM - 1:30 PM
  • Closed Sundays and Holidays